Aktuálne otázky činnosti IFC - Medzinárodnej finančnej korporácie v súčasnom období diplomová práca

Salvato in:
Dettagli Bibliografici
Autore principale: Kováčová, Andrea
Ente Autore: Národohospodárska fakulta EU. Katedra bankovníctva a medzinárodných financií
Altri autori: Jankovská, Anežka
Natura: Libro
Lingua:slovacco
Pubblicazione: Bratislava 2012
Tags: Aggiungi Tag
Nessun Tag, puoi essere il primo ad aggiungerne!!

MARC

LEADER 00000nbm a2200000 4500
001 0153441
005 20161109102113.7
041 0 |a slo 
044 |a SK 
245 1 0 |a Aktuálne otázky činnosti IFC - Medzinárodnej finančnej korporácie v súčasnom období  |b diplomová práca  |c Andrea Kováčová ; školiteľ: Anežka Jankovská 
264 1 |a Bratislava  |c 2012 
300 |a 66 s. 
100 1 |a Kováčová, Andrea 
700 1 |a Jankovská, Anežka 
710 2 |a Národohospodárska fakulta EU. Katedra bankovníctva a medzinárodných financií